[Event "41. Open Ciutat de Badalona 2015"]
[Site "Badalona ESP"]
[Date "2015.08.04"]
[Round "3.1"]
[White "Pulvett Marin, Daniel"]
[Black "Cori, Jorge"]
[Result "0-1"]
[WhiteElo "2434"]
[BlackElo "2635"]
[PlyCount "76"]
[EventDate "2015.08.02"]
[EventType "swiss"]
[EventRounds "9"]
[EventCountry "ESP"]
[SourceTitle "Ajedrez en Madrid"]
[Source "lmi"]
[SourceDate "2015.08.02"]
[SourceVersion "1"]
[SourceVersionDate "2018.07.18"]
[SourceQuality "1"]

1. d4 Nf6 2. c4 g6 3. Nc3 d5 4. Nf3 Bg7 5. Bg5 Ne4 6. Bf4 Nxc3 7. bxc3 c5 8.
cxd5 Qxd5 9. e3 O-O 10. Be2 cxd4 11. cxd4 Nc6 12. O-O Rd8 13. Qa4 Bd7 14. Qa3
Bf5 15. Rac1 e6 16. Bc4 Qd7 17. Bb5 Qe7 18. Qa4 Be4 19. Ng5 Bd5 20. e4 a6 21.
Bd3 b5 22. Qd1 Bc4 23. Bxc4 bxc4 24. Qa4 Nxd4 25. Qxc4 h6 26. Nf3 Nxf3+ 27.
gxf3 Qf6 28. Bc7 Qxf3 29. Bxd8 Rxd8 30. Qxa6 Qg4+ 31. Kh1 Qf3+ 32. Kg1 Be5 33.
Rc8 Qg4+ 34. Kh1 Qf3+ 35. Kg1 Rxc8 36. Qxc8+ Kg7 37. Qc2 Qg4+ 38. Kh1 Qh3 0-1

[Event "41. Open Ciutat de Badalona 2015"]
[Site "Badalona ESP"]
[Date "2015.08.04"]
[Round "3.2"]
[White "Grigoryan, Karen H."]
[Black "Cori T., Deysi"]
[Result "1-0"]
[WhiteElo "2582"]
[BlackElo "2426"]
[PlyCount "113"]
[EventDate "2015.08.02"]
[EventType "swiss"]
[EventRounds "9"]
[EventCountry "ESP"]
[SourceTitle "Ajedrez en Madrid"]
[Source "lmi"]
[SourceDate "2015.08.02"]
[SourceVersion "1"]
[SourceVersionDate "2018.07.18"]
[SourceQuality "1"]

1. c4 c5 2. Nf3 Nc6 3. d4 cxd4 4. Nxd4 Nf6 5. Nc3 g6 6. e4 d6 7. Be2 Bg7 8. Be3
O-O 9. O-O Bd7 10. Qd2 Nxd4 11. Bxd4 Bc6 12. f3 a5 13. Rab1 Nd7 14. Be3 Nc5 15.
Rfc1 Qb6 16. Nd5 Bxd5 17. exd5 Qb4 18. Qc2 Rfc8 19. Kh1 a4 20. Bd2 Qb6 21. Bf1
Qd8 22. b4 axb3 23. axb3 Ra3 24. b4 Nd7 25. Rb3 Rxb3 26. Qxb3 Qb6 27. Qa4 Rd8
28. Qa3 Bd4 29. Bg5 f6 30. Bd2 Qa7 31. Qd3 Ne5 32. Qe4 Bb2 33. Rb1 Qd4 34. Qc2
Ba1 35. Be1 Ra8 36. Bf2 Qf4 37. Be2 Ra3 38. g3 Qf5 39. Qxf5 gxf5 40. f4 Ra2 41.
fxe5 Bxe5 42. Bd3 Rxf2 43. c5 Rf3 44. Rd1 dxc5 45. bxc5 Rf2 46. d6 exd6 47.
cxd6 Kf8 48. Bb5 Rb2 49. d7 Bc7 50. d8=Q+ Bxd8 51. Rxd8+ Kg7 52. Bd3 Rd2 53.
Rd7+ Kh6 54. Bxf5 Rxd7 55. Bxd7 Kg5 56. Kg2 f5 57. Kf3 1-0

[Event "41. Open Ciutat de Badalona 2015"]
[Site "Badalona ESP"]
[Date "2015.08.04"]
[Round "3.3"]
[White "Alsina Leal, Daniel"]
[Black "Perpinya Rofes, Lluis Maria"]
[Result "1-0"]
[WhiteElo "2531"]
[BlackElo "2406"]
[PlyCount "61"]
[EventDate "2015.08.02"]
[EventType "swiss"]
[EventRounds "9"]
[EventCountry "ESP"]
[SourceTitle "Ajedrez en Madrid"]
[Source "lmi"]
[SourceDate "2015.08.02"]
[SourceVersion "1"]
[SourceVersionDate "2018.07.18"]
[SourceQuality "1"]

1. e4 g6 2. d4 Bg7 3. Nf3 d6 4. c3 Nf6 5. Nbd2 O-O 6. Be2 e5 7. dxe5 dxe5 8.
O-O Qe7 9. Re1 Nh5 10. g3 h6 11. Nc4 Nd7 12. b3 Rd8 13. Qc2 Nb6 14. Ba3 Qe8 15.
Na5 Rb8 16. c4 Nd7 17. Rad1 Nf8 18. Rxd8 Qxd8 19. Rd1 Qe8 20. c5 Bg4 21. c6 b6
22. Bxf8 Bxf8 23. Nb7 Ng7 24. Kg2 Bxf3+ 25. Bxf3 Ne6 26. Rd7 Nd4 27. Qc4 Rc8
28. Bg4 h5 29. Bh3 a5 30. Qd5 Bg7 31. Nd8 1-0

[Event "41. Open Ciutat de Badalona 2015"]
[Site "Badalona ESP"]
[Date "2015.08.04"]
[Round "3.4"]
[White "Alarcon Casellas, Rolando"]
[Black "Harutyunian, Tigran K."]
[Result "0-1"]
[WhiteElo "2391"]
[BlackElo "2472"]
[PlyCount "84"]
[EventDate "2015.08.02"]
[EventType "swiss"]
[EventRounds "9"]
[EventCountry "ESP"]
[SourceTitle "Ajedrez en Madrid"]
[Source "lmi"]
[SourceDate "2015.08.02"]
[SourceVersion "1"]
[SourceVersionDate "2018.07.18"]
[SourceQuality "1"]

1. d4 d5 2. c4 e6 3. Nc3 Be7 4. cxd5 exd5 5. Nf3 c6 6. Qc2 Nf6 7. Bg5 g6 8. e3
Bf5 9. Bd3 Bxd3 10. Qxd3 Nbd7 11. O-O O-O 12. Rab1 a5 13. a3 Re8 14. Bxf6 Bxf6
15. Rfc1 Nb6 16. Nd2 Be7 17. b4 Bd6 18. Rc2 a4 19. Nd1 Qe7 20. Nb2 h5 21. Qf1
Kg7 22. Nd3 Nd7 23. Nc5 Nf6 24. Nf3 h4 25. h3 Rh8 26. b5 b6 27. Na6 c5 28. dxc5
bxc5 29. Qd1 Rh5 30. Rcc1 c4 31. Qxa4 Ne4 32. Qd1 Bxa3 33. Qd4+ Kh7 34. Rc2 Rf5
35. Ra2 Bc5 36. Qa1 Bb6 37. Nd4 Rf6 38. Rd1 Nxf2 39. Rxf2 Qxe3 40. Kh1 Rxf2 41.
Nc6 Qg3 42. Rg1 Bc7 0-1

[Event "41. Open Ciutat de Badalona 2015"]
[Site "Badalona ESP"]
[Date "2015.08.04"]
[Round "3.5"]
[White "Pardo Simon, David"]
[Black "Gonzalez Rodriguez, Jorge A."]
[Result "1/2-1/2"]
[WhiteElo "2468"]
[BlackElo "2369"]
[PlyCount "107"]
[EventDate "2015.08.02"]
[EventType "swiss"]
[EventRounds "9"]
[EventCountry "ESP"]
[SourceTitle "Ajedrez en Madrid"]
[Source "lmi"]
[SourceDate "2015.08.02"]
[SourceVersion "1"]
[SourceVersionDate "2018.07.18"]
[SourceQuality "1"]

1. d4 Nf6 2. Nf3 b6 3. e3 Bb7 4. Bd3 d5 5. O-O Nbd7 6. c4 e6 7. Nc3 Be7 8. b3
O-O 9. Bb2 dxc4 10. bxc4 c5 11. Qe2 Qc7 12. Rad1 cxd4 13. exd4 Rfe8 14. Rfe1
Bb4 15. Rc1 Rac8 16. a3 Bf8 17. Nb5 Qb8 18. Ne5 a6 19. Nc3 Nxe5 20. dxe5 Nd7
21. h4 Nc5 22. Bb1 Red8 23. Nd1 Rd7 24. Ne3 Rcd8 25. Rcd1 Qc7 26. f3 h5 27. f4
Rxd1 28. Rxd1 g6 29. g4 Rxd1+ 30. Qxd1 Qc6 31. Kf2 hxg4 32. Qxg4 Ne4+ 33. Ke2
Bc5 34. Qg2 Bxe3 35. Qxe4 Bc5 36. Qxc6 Bxc6 37. Bd3 Be7 38. Bd4 b5 39. cxb5
axb5 40. Bb2 Bxh4 41. Bc3 Bg3 42. Ke3 Kg7 43. Bb4 g5 44. fxg5 Bxe5 45. Be7 f5
46. gxf6+ Bxf6 47. Bxf6+ Kxf6 48. Kd4 e5+ 49. Kc5 Bd7 50. Bxb5 Bxb5 51. Kxb5
Kf5 52. a4 e4 53. a5 e3 54. a6 1/2-1/2

[Event "41. Open Ciutat de Badalona 2015"]
[Site "Badalona ESP"]
[Date "2015.08.04"]
[Round "3.6"]
[White "Cruz, Jonathan"]
[Black "Diaz Camallonga, Carles"]
[Result "1-0"]
[WhiteElo "2450"]
[BlackElo "2358"]
[PlyCount "61"]
[EventDate "2015.08.02"]
[EventType "swiss"]
[EventRounds "9"]
[EventCountry "ESP"]
[SourceTitle "Ajedrez en Madrid"]
[Source "lmi"]
[SourceDate "2015.08.02"]
[SourceVersion "1"]
[SourceVersionDate "2018.07.18"]
[SourceQuality "1"]

1. e4 e6 2. d4 d5 3. Nd2 c5 4. exd5 Qxd5 5. dxc5 Bxc5 6. Ngf3 Nf6 7. Bc4 Qc6 8.
Qe2 O-O 9. O-O a6 10. Bd3 Nbd7 11. Ne4 Qc7 12. c4 Be7 13. Bg5 b6 14. Bh4 Bb7
15. Bg3 Qc6 16. Nd4 Qc8 17. Nd6 Bxd6 18. Bxd6 Re8 19. b4 e5 20. Nf5 Kh8 21. f3
Re6 22. c5 bxc5 23. bxc5 g6 24. Ne7 Qe8 25. Rab1 e4 26. fxe4 Bxe4 27. Bxe4 Nxe4
28. Qb2+ f6 29. Nd5 Nxd6 30. Nc7 Rb8 31. Qxb8 1-0

[Event "41. Open Ciutat de Badalona 2015"]
[Site "Badalona ESP"]
[Date "2015.08.04"]
[Round "3.7"]
[White "Petrosyan, Tigran S."]
[Black "Thorarinsson, Pall A."]
[Result "1/2-1/2"]
[WhiteElo "2441"]
[BlackElo "2249"]
[PlyCount "94"]
[EventDate "2015.08.02"]
[EventType "swiss"]
[EventRounds "9"]
[EventCountry "ESP"]
[SourceTitle "Ajedrez en Madrid"]
[Source "lmi"]
[SourceDate "2015.08.02"]
[SourceVersion "1"]
[SourceVersionDate "2018.07.18"]
[SourceQuality "1"]

1. Nf3 d5 2. d4 Nf6 3. c4 dxc4 4. e3 e6 5. Bxc4 a6 6. a4 c5 7. O-O Nc6 8. Nc3
Be7 9. Qe2 cxd4 10. Rd1 e5 11. exd4 exd4 12. Nxd4 Nxd4 13. Qe5 Qd6 14. Qxd4
Qxd4 15. Rxd4 Bc5 16. Rd1 O-O 17. Bg5 Bg4 18. Re1 Bd4 19. h3 Bd7 20. Red1 Bxc3
21. bxc3 Bc6 22. f3 Rac8 23. Rd4 Rfd8 24. Rxd8+ Rxd8 25. a5 Rc8 26. Rd1 h6 27.
Bxf6 gxf6 28. Ba2 Re8 29. Rd6 Kg7 30. Bc4 Re3 31. Bd3 Re5 32. Bxa6 Rxa5 33. Bd3
Rc5 34. c4 b5 35. Rd4 bxc4 36. Bxc4 Bb5 37. Bb3 Rc3 38. Rg4+ Kf8 39. Rb4 Rc5
40. Kf2 Bd7 41. Rb8+ Kg7 42. Rb7 Rb5 43. Rxb5 Bxb5 44. g3 Bd7 45. h4 Bc6 46.
Ke3 Bb7 47. Bc2 Bc6 1/2-1/2

[Event "41. Open Ciutat de Badalona 2015"]
[Site "Badalona ESP"]
[Date "2015.08.04"]
[Round "3.8"]
[White "Valderrama Quiceno, Esteban A"]
[Black "Arenas, David"]
[Result "1/2-1/2"]
[WhiteElo "2357"]
[BlackElo "2439"]
[PlyCount "103"]
[EventDate "2015.08.02"]
[EventType "swiss"]
[EventRounds "9"]
[EventCountry "ESP"]
[SourceTitle "Ajedrez en Madrid"]
[Source "lmi"]
[SourceDate "2015.08.02"]
[SourceVersion "1"]
[SourceVersionDate "2018.07.18"]
[SourceQuality "1"]

1. Nf3 Nf6 2. g3 g6 3. Bg2 Bg7 4. O-O O-O 5. d4 d6 6. c4 c6 7. Nc3 Qa5 8. e4 e5
9. h3 Nbd7 10. Be3 exd4 11. Bxd4 Re8 12. Qc2 Ne5 13. Nxe5 dxe5 14. Be3 Nd7 15.
Rfd1 Nc5 16. a3 Ne6 17. b4 Qc7 18. Ne2 b6 19. Rac1 a5 20. c5 bxc5 21. Bxc5 Ba6
22. Bf1 axb4 23. axb4 Bf8 24. Be3 Bb5 25. Qc3 Ra2 26. Re1 Rea8 27. Rb1 R2a3 28.
Rb3 Rxb3 29. Qxb3 Rb8 30. Ra1 Bxe2 31. Bxe2 Rxb4 32. Qc3 Nd4 33. Bc4 Qb6 34.
Kg2 h5 35. Ra8 Qc5 36. Bh6 Rxc4 37. Bxf8 Rxc3 38. Bxc5+ Kg7 39. Bf8+ Kf6 40.
Re8 g5 41. Be7+ Kg7 42. Bxg5 Ne6 43. Be7 Rc4 44. Rc8 c5 45. h4 Kg6 46. Kf3 Rc3+
47. Kg2 Rc4 48. Kf3 Rd4 49. Rg8+ Kh7 50. Rc8 Kg6 51. Rg8+ Kh7 52. Rc8 1/2-1/2

[Event "41. Open Ciutat de Badalona 2015"]
[Site "Badalona ESP"]
[Date "2015.08.04"]
[Round "3.9"]
[White "Rios, Cristhian Camilo"]
[Black "Fernandez, Maria Florencia"]
[Result "1-0"]
[WhiteElo "2435"]
[BlackElo "2222"]
[PlyCount "75"]
[EventDate "2015.08.02"]
[EventType "swiss"]
[EventRounds "9"]
[EventCountry "ESP"]
[SourceTitle "Ajedrez en Madrid"]
[Source "lmi"]
[SourceDate "2015.08.02"]
[SourceVersion "1"]
[SourceVersionDate "2018.07.18"]
[SourceQuality "1"]

1. d4 Nf6 2. c4 g6 3. Nc3 Bg7 4. e4 d6 5. f4 O-O 6. Nf3 c5 7. dxc5 Qa5 8. Bd3
Qxc5 9. Qe2 Nc6 10. a3 Bg4 11. Be3 Bxf3 12. gxf3 Qa5 13. O-O Nh5 14. b4 Qd8 15.
Rac1 Bd4 16. Kh1 e5 17. fxe5 Bxc3 18. Rxc3 dxe5 19. c5 Nd4 20. Qf2 Ne6 21. Bc4
Nef4 22. Rc2 Qd7 23. b5 Rac8 24. Rd2 Qc7 25. Rfd1 Qa5 26. Rd7 Qc3 27. Ba2 Rb8
28. a4 Nf6 29. R7d6 N4h5 30. Bg5 Kg7 31. Qe3 Qxe3 32. Bxe3 Rfc8 33. a5 Rc7 34.
Rd8 Rcc8 35. Rxc8 Rxc8 36. Bd5 Rc7 37. c6 bxc6 38. Bxc6 1-0

[Event "41. Open Ciutat de Badalona 2015"]
[Site "Badalona ESP"]
[Date "2015.08.04"]
[Round "3.10"]
[White "Roy, Prantik"]
[Black "Perez Mitjans, Orelvis"]
[Result "0-1"]
[WhiteElo "2292"]
[BlackElo "2434"]
[PlyCount "102"]
[EventDate "2015.08.02"]
[EventType "swiss"]
[EventRounds "9"]
[EventCountry "ESP"]
[SourceTitle "Ajedrez en Madrid"]
[Source "lmi"]
[SourceDate "2015.08.02"]
[SourceVersion "1"]
[SourceVersionDate "2018.07.18"]
[SourceQuality "1"]

1. d4 d5 2. Nf3 Nc6 3. Bf4 Bg4 4. Nbd2 e6 5. h3 Bh5 6. e3 Bd6 7. c3 Nf6 8. Bd3
Qe7 9. Qb3 Rb8 10. Qc2 Nd7 11. Bxd6 Qxd6 12. e4 Ne7 13. e5 Qb6 14. b4 f6 15.
exf6 gxf6 16. O-O e5 17. Rae1 Bxf3 18. Nxf3 e4 19. Bxe4 dxe4 20. Qxe4 Qd6 21.
c4 Nf8 22. c5 Qd7 23. Qf4 Nfg6 24. Qxf6 Rf8 25. Qg5 Rxf3 26. gxf3 Kf7 27. Qg4
Rd8 28. Re4 Nd5 29. Qh5 Nf6 30. Rf4 Kg7 31. Qg5 Rf8 32. Kh2 h6 33. Qg3 Kh7 34.
Re4 Nxe4 35. fxe4 Rf4 36. Qe3 Qe6 37. f3 Qxa2+ 38. Rf2 Qf7 39. e5 Qf5 40. e6
Rh4 41. Rg2 Rxh3+ 42. Kg1 Rxf3 43. Qe2 Qf4 44. e7 Qxd4+ 45. Kh2 Qf4+ 46. Kg1
Qe3+ 47. Rf2 Rg3+ 48. Kh2 Rh3+ 49. Kg1 Qg5+ 50. Rg2 Qxe7 51. Qg4 Qe1# 0-1

[Event "41. Open Ciutat de Badalona 2015"]
[Site "Badalona ESP"]
[Date "2015.08.05"]
[Round "4.1"]
[White "Cori, Jorge"]
[Black "Cruz, Jonathan"]
[Result "1-0"]
[WhiteElo "2635"]
[BlackElo "2450"]
[PlyCount "143"]
[EventDate "2015.08.02"]
[EventType "swiss"]
[EventRounds "9"]
[EventCountry "ESP"]
[SourceTitle "Ajedrez en Madrid"]
[Source "lmi"]
[SourceDate "2015.08.02"]
[SourceVersion "1"]
[SourceVersionDate "2018.07.18"]
[SourceQuality "1"]

1. d4 Nf6 2. Nf3 e6 3. c4 d5 4. Nc3 c6 5. e3 Nbd7 6. Qc2 Bd6 7. Bd3 O-O 8. O-O
dxc4 9. Bxc4 b5 10. Be2 a6 11. h3 Qc7 12. e4 e5 13. Be3 exd4 14. Nxd4 Re8 15.
Nf5 Bh2+ 16. Kh1 b4 17. Na4 Nxe4 18. Bf3 Ndf6 19. Bb6 Qe5 20. Nd4 Bf4 21. Rfe1
Bf5 22. Nxf5 Qxf5 23. Re2 Bd6 24. Be3 Nd5 25. Bxe4 Qxe4 26. Qxc6 Qe5 27. f4 Qe6
28. Rae1 Bxf4 29. Qxe6 Rxe6 30. Bxf4 Nxf4 31. Rxe6 Nxe6 32. Re4 a5 33. Re5 g6
34. Kg1 Ra6 35. Kf2 Nf4 36. Kg3 Nd3 37. Rd5 Nc1 38. a3 bxa3 39. bxa3 Re6 40.
Kf3 Nb3 41. Rd3 Nc1 42. Rc3 Ne2 43. Rc4 Rc6 44. Nb2 Rxc4 45. Nxc4 Nd4+ 46. Ke4
Nb5 47. Kd5 Nc3+ 48. Kd4 Nb5+ 49. Kc5 Nc3 50. Nxa5 Kg7 51. Kc4 Na4 52. Kb4 Nb2
53. Nc4 Nd3+ 54. Kb5 Nc1 55. a4 Nb3 56. Na5 Nd4+ 57. Kc5 Ne6+ 58. Kb6 Nd4 59.
Nc6 Nb3 60. Kb5 Kf6 61. Kb4 Nc1 62. a5 Nd3+ 63. Kc4 Nf4 64. Nd8 Ke5 65. a6 Nd5
66. Nxf7+ Ke6 67. a7 Nc7 68. Kc5 Kd7 69. Ne5+ Kc8 70. Kc6 Na8 71. Nc4 Nc7 72.
h4 1-0

[Event "41. Open Ciutat de Badalona 2015"]
[Site "Badalona ESP"]
[Date "2015.08.05"]
[Round "4.2"]
[White "Rios, Cristhian Camilo"]
[Black "Grigoryan, Karen H."]
[Result "1/2-1/2"]
[WhiteElo "2435"]
[BlackElo "2582"]
[PlyCount "65"]
[EventDate "2015.08.02"]
[EventType "swiss"]
[EventRounds "9"]
[EventCountry "ESP"]
[SourceTitle "Ajedrez en Madrid"]
[Source "lmi"]
[SourceDate "2015.08.02"]
[SourceVersion "1"]
[SourceVersionDate "2018.07.18"]
[SourceQuality "1"]

1. d4 Nf6 2. c4 e6 3. Nf3 b6 4. a3 Bb7 5. Nc3 d5 6. cxd5 Nxd5 7. Qc2 Be7 8. e4
Nxc3 9. bxc3 O-O 10. Bd3 c5 11. O-O Nc6 12. d5 exd5 13. exd5 Qxd5 14. Bxh7+ Kh8
15. Rd1 Qh5 16. Be4 Rad8 17. Re1 f5 18. Bxc6 Bxc6 19. Rxe7 Bxf3 20. gxf3 Qxf3
21. Bb2 Rf6 22. c4 Rg6+ 23. Kf1 Qh3+ 24. Ke2 Qh5+ 25. Kf1 f4 26. h4 Qg4 27. Qe4
Rd1+ 28. Rxd1 Qxd1+ 29. Qe1 Qd3+ 30. Qe2 Qb1+ 31. Qe1 Qd3+ 32. Qe2 Qb1+ 33. Qe1
1/2-1/2

[Event "41. Open Ciutat de Badalona 2015"]
[Site "Badalona ESP"]
[Date "2015.08.05"]
[Round "4.3"]
[White "Perez Mitjans, Orelvis"]
[Black "Alsina Leal, Daniel"]
[Result "1/2-1/2"]
[WhiteElo "2434"]
[BlackElo "2531"]
[PlyCount "62"]
[EventDate "2015.08.02"]
[EventType "swiss"]
[EventRounds "9"]
[EventCountry "ESP"]
[SourceTitle "Ajedrez en Madrid"]
[Source "lmi"]
[SourceDate "2015.08.02"]
[SourceVersion "1"]
[SourceVersionDate "2018.07.18"]
[SourceQuality "1"]

1. e4 c5 2. Nf3 Nc6 3. Bb5 Nf6 4. Bxc6 dxc6 5. d3 Qc7 6. Nbd2 e5 7. Nc4 Nd7 8.
a4 Be7 9. Bd2 O-O 10. Bc3 f6 11. Ne3 Re8 12. Nh4 g6 13. Qg4 Nf8 14. Qg3 Ne6 15.
Nhf5 Kh8 16. Nxe7 Qxe7 17. h4 Nd4 18. f4 Bd7 19. Kd2 Rf8 20. Rhf1 Qg7 21. Rf2
Be6 22. Raf1 Kg8 23. Qh2 b5 24. b3 bxa4 25. bxa4 c4 26. h5 cxd3 27. hxg6 hxg6
28. cxd3 Nb3+ 29. Ke2 Nd4+ 30. Kd2 Nb3+ 31. Ke2 Nd4+ 1/2-1/2

[Event "41. Open Ciutat de Badalona 2015"]
[Site "Badalona ESP"]
[Date "2015.08.05"]
[Round "4.4"]
[White "Harutyunian, Tigran K."]
[Black "Hughes, John L"]
[Result "1/2-1/2"]
[WhiteElo "2472"]
[BlackElo "2184"]
[PlyCount "73"]
[EventDate "2015.08.02"]
[EventType "swiss"]
[EventRounds "9"]
[EventCountry "ESP"]
[SourceTitle "Ajedrez en Madrid"]
[Source "lmi"]
[SourceDate "2015.08.02"]
[SourceVersion "1"]
[SourceVersionDate "2018.07.18"]
[SourceQuality "1"]

1. d4 d5 2. c4 dxc4 3. e4 c5 4. d5 Nf6 5. Nc3 b5 6. e5 b4 7. exf6 bxc3 8. bxc3
Nd7 9. Nf3 Nb6 10. Bxc4 gxf6 11. O-O Nxc4 12. Qa4+ Qd7 13. Qxc4 Bb7 14. Rd1 Rd8
15. Qxc5 Bxd5 16. c4 Qa4 17. Be3 Qxc4 18. Qxc4 Bxc4 19. Rxd8+ Kxd8 20. Rd1+ Ke8
21. Bxa7 e6 22. Bd4 Bg7 23. Rc1 Bxa2 24. Rc7 e5 25. Bc5 Be6 26. Ra7 Kd8 27. Nd2
Bd5 28. Nb1 Kc8 29. Nc3 Be6 30. Nb5 Rd8 31. Nd6+ Kb8 32. Rb7+ Ka8 33. Rb1 Bf8
34. Ra1+ Kb8 35. Rb1+ Ka8 36. Ra1+ Kb8 37. Rb1+ 1/2-1/2

[Event "41. Open Ciutat de Badalona 2015"]
[Site "Badalona ESP"]
[Date "2015.08.05"]
[Round "4.5"]
[White "Arenas, David"]
[Black "Lopez Martinez, Josep Manuel"]
[Result "1-0"]
[WhiteElo "2439"]
[BlackElo "2540"]
[PlyCount "111"]
[EventDate "2015.08.02"]
[EventType "swiss"]
[EventRounds "9"]
[EventCountry "ESP"]
[SourceTitle "Ajedrez en Madrid"]
[Source "lmi"]
[SourceDate "2015.08.02"]
[SourceVersion "1"]
[SourceVersionDate "2018.07.18"]
[SourceQuality "1"]

1. e4 e5 2. Nf3 Nc6 3. Bb5 a6 4. Ba4 Nf6 5. O-O Be7 6. Qe2 b5 7. Bb3 d6 8. c3
O-O 9. Rd1 Na5 10. Bc2 c5 11. d4 Qc7 12. d5 Bd7 13. b3 g6 14. Bg5 Rfb8 15. Nbd2
Qd8 16. Nf1 Nh5 17. Bxe7 Qxe7 18. g3 Ng7 19. Ne3 f5 20. exf5 gxf5 21. Nh4 Qf6
22. b4 Nb7 23. a4 cxb4 24. cxb4 Nd8 25. Nhxf5 Nxf5 26. Bxf5 Bxf5 27. Qf3 Nf7
28. Qxf5 Qg6 29. axb5 Rxb5 30. Rxa6 Rxa6 31. Qc8+ Kg7 32. Nf5+ Kf6 33. Qxa6 Qg4
34. Rd3 e4 35. Rd4 Qxf5 36. Qxb5 Ng5 37. Kf1 Qh3+ 38. Ke2 Qg4+ 39. Kd2 Nf3+ 40.
Kc3 Nxd4 41. Kxd4 Qf3 42. Qc4 Qxf2+ 43. Kxe4 Qxh2 44. Qc3+ Kg6 45. Qd3 Qb2 46.
Ke3+ Kg5 47. Qd4 Qc1+ 48. Kf2 Qc2+ 49. Ke3 Qc1+ 50. Ke2 Qb1 51. Qf4+ Kh5 52.
Qxd6 Qc2+ 53. Ke3 Qc3+ 54. Ke4 Kg4 55. Qe6+ Kxg3 56. Qe5+ 1-0

[Event "41. Open Ciutat de Badalona 2015"]
[Site "Badalona ESP"]
[Date "2015.08.05"]
[Round "4.6"]
[White "Narciso Dublan, Marc"]
[Black "Gurevich, Daniel"]
[Result "1-0"]
[WhiteElo "2532"]
[BlackElo "2392"]
[PlyCount "91"]
[EventDate "2015.08.02"]
[EventType "swiss"]
[EventRounds "9"]
[EventCountry "ESP"]
[SourceTitle "Ajedrez en Madrid"]
[Source "lmi"]
[SourceDate "2015.08.02"]
[SourceVersion "1"]
[SourceVersionDate "2018.07.18"]
[SourceQuality "1"]

1. d4 Nf6 2. Nf3 e6 3. e3 b6 4. Bd3 Bb7 5. O-O Be7 6. c4 c5 7. Nc3 O-O 8. d5
exd5 9. cxd5 d6 10. e4 Na6 11. Bf4 Nc7 12. Qc2 Re8 13. Rad1 g6 14. Rfe1 Nh5 15.
Bc1 Nf6 16. h3 a6 17. a4 Rb8 18. Bc4 Nd7 19. e5 Nxe5 20. Nxe5 dxe5 21. Rxe5 Bd6
22. Rxe8+ Nxe8 23. Ne4 Bc8 24. Qe2 Bd7 25. b3 b5 26. axb5 axb5 27. Bd3 Rb6 28.
Be3 Bf5 29. Nxc5 Bxd3 30. Qxd3 Rb8 31. Ne4 f5 32. Nxd6 Nxd6 33. Qd4 Qf8 34. Rc1
Qg7 35. Qf4 Rd8 36. Bb6 Rd7 37. Qe3 Qe7 38. Qd4 h6 39. Rc6 Kh7 40. Ba5 Qe4 41.
Qf6 Qxd5 42. Bc3 g5 43. Rb6 Qc5 44. Qh8+ Kg6 45. Qe8+ Rf7 46. Qe6+ 1-0

[Event "41. Open Ciutat de Badalona 2015"]
[Site "Badalona ESP"]
[Date "2015.08.05"]
[Round "4.7"]
[White "Thorarinsson, Pall A."]
[Black "Pardo Simon, David"]
[Result "0-1"]
[WhiteElo "2249"]
[BlackElo "2468"]
[PlyCount "128"]
[EventDate "2015.08.02"]
[EventType "swiss"]
[EventRounds "9"]
[EventCountry "ESP"]
[SourceTitle "Ajedrez en Madrid"]
[Source "lmi"]
[SourceDate "2015.08.02"]
[SourceVersion "1"]
[SourceVersionDate "2018.07.18"]
[SourceQuality "1"]

1. Nf3 f5 2. d4 Nf6 3. g3 g6 4. b3 Bg7 5. Bb2 O-O 6. Bg2 d6 7. O-O c6 8. c4 Na6
9. Nc3 Qc7 10. d5 e5 11. dxe6 Bxe6 12. Ng5 Bd7 13. Rc1 h6 14. Nf3 Kh7 15. Ba3
Nc5 16. Na4 Nce4 17. Nd2 c5 18. Nc3 Nxc3 19. Rxc3 Nd5 20. Rc2 Nc3 21. Qe1 Rae8
22. Nb1 Ne4 23. Bb2 Bxb2 24. Rxb2 f4 25. Nc3 Bc6 26. Nxe4 Bxe4 27. Bxe4 Rxe4
28. Qc3 Qe7 29. Qd3 h5 30. Rd2 Rf6 31. gxf4 Rexf4 32. f3 Qe5 33. Qd5 Qe3+ 34.
Kh1 b6 35. Qd3 Qe7 36. Rg1 Re6 37. Qc2 Rf5 38. Rg2 Rfe5 39. e4 Rf6 40. Rdf2 Rf4
41. Qd2 Qf6 42. Qe2 Re7 43. Kg1 Rf7 44. Qd1 Rxf3 45. Rxf3 Qxf3 46. Qxf3 Rxf3
47. Rd2 Rf6 48. e5 dxe5 49. Rd7+ Kh6 50. Rxa7 Kg5 51. a4 Kf4 52. Ra6 Kf3 53. a5
Rd6 54. h4 Rd1+ 55. Kh2 bxa5 56. Rxa5 e4 57. Ra6 e3 58. Rf6+ Ke4 59. Re6+ Kd3
60. Rd6+ Kc2 61. Re6 Rd2+ 62. Kg3 e2 63. b4 cxb4 64. c5 Kd1 0-1

[Event "41. Open Ciutat de Badalona 2015"]
[Site "Badalona ESP"]
[Date "2015.08.05"]
[Round "4.8"]
[White "Valderrama Quiceno, Esteban A"]
[Black "Petrosyan, Tigran S."]
[Result "1/2-1/2"]
[WhiteElo "2357"]
[BlackElo "2441"]
[PlyCount "37"]
[EventDate "2015.08.02"]
[EventType "swiss"]
[EventRounds "9"]
[EventCountry "ESP"]
[SourceTitle "Ajedrez en Madrid"]
[Source "lmi"]
[SourceDate "2015.08.02"]
[SourceVersion "1"]
[SourceVersionDate "2018.07.18"]
[SourceQuality "1"]

1. Nf3 d5 2. g3 g6 3. Bg2 Bg7 4. d4 c6 5. O-O Nf6 6. b3 O-O 7. Bb2 a5 8. c4 Bf5
9. Nc3 Ne4 10. e3 Nxc3 11. Bxc3 Be4 12. Qe2 a4 13. Rfc1 e6 14. Bf1 Bxf3 15.
Qxf3 Nd7 16. b4 dxc4 17. Bxc4 e5 18. dxe5 Nxe5 19. Bxe5 1/2-1/2

[Event "41. Open Ciutat de Badalona 2015"]
[Site "Badalona ESP"]
[Date "2015.08.05"]
[Round "4.9"]
[White "Peralta, Fernando"]
[Black "Roy, Prantik"]
[Result "1-0"]
[WhiteElo "2564"]
[BlackElo "2292"]
[PlyCount "65"]
[EventDate "2015.08.02"]
[EventType "swiss"]
[EventRounds "9"]
[EventCountry "ESP"]
[SourceTitle "Ajedrez en Madrid"]
[Source "lmi"]
[SourceDate "2015.08.02"]
[SourceVersion "1"]
[SourceVersionDate "2018.07.18"]
[SourceQuality "1"]

1. d4 d5 2. c4 c6 3. Nf3 Nf6 4. Nc3 a6 5. e3 b5 6. b3 Bg4 7. a4 b4 8. Ne2 Bxf3
9. gxf3 Nbd7 10. Ng3 e6 11. Bb2 Bd6 12. f4 h5 13. c5 Bc7 14. Bd3 a5 15. Qf3 h4
16. Nf1 Qe7 17. Nd2 O-O-O 18. O-O-O Rdg8 19. Rhg1 Ne8 20. e4 g5 21. exd5 exd5
22. Rde1 Qd8 23. Rxg5 Rxg5 24. fxg5 Bxh2 25. Qxf7 Rf8 26. Qg6 Kb7 27. Re6 Bf4
28. Rxc6 Bxg5 29. Ra6 Kb8 30. Bf5 Bxd2+ 31. Kxd2 Qc7 32. Bxd7 Nf6 33. Rxf6 1-0

[Event "41. Open Ciutat de Badalona 2015"]
[Site "Badalona ESP"]
[Date "2015.08.05"]
[Round "4.10"]
[White "Garriga Cazorla, Pere"]
[Black "Mateus, Alejandro"]
[Result "0-1"]
[WhiteElo "2461"]
[BlackElo "2283"]
[PlyCount "56"]
[EventDate "2015.08.02"]
[EventType "swiss"]
[EventRounds "9"]
[EventCountry "ESP"]
[SourceTitle "Ajedrez en Madrid"]
[Source "lmi"]
[SourceDate "2015.08.02"]
[SourceVersion "1"]
[SourceVersionDate "2018.07.18"]
[SourceQuality "1"]

1. d4 d5 2. c4 c6 3. Nf3 Nf6 4. Nc3 e6 5. Bg5 dxc4 6. e4 b5 7. e5 h6 8. Bh4 g5
9. exf6 gxh4 10. Ne5 Qxf6 11. g3 Nd7 12. Qe2 c5 13. Nc6 Nb6 14. Ne4 Qg7 15.
dxc5 Bb7 16. Bg2 Rc8 17. Nxa7 Rxc5 18. O-O Re5 19. Rfe1 Bc5 20. Kh1 h3 21. Bf3
f5 22. Nc6 Rxe4 23. Bxe4 fxe4 24. Qh5+ Qf7 25. Qxh3 Bxc6 26. Qg2 Bxf2 27. Rf1
Qb7 28. Rxf2 e3 0-1